| 000 | 01628cam a22004694a 4500 | ||
|---|---|---|---|
| 001 | muse8792 | ||
| 003 | MdBmJHUP | ||
| 005 | 20210127150917.0 | ||
| 006 | m o d | ||
| 007 | cr||||||||nn|n | ||
| 008 | 890424s1988 onc o 00 0 eng d | ||
| 010 | _z 89135524 | ||
| 020 | _a9780776617428 | ||
| 020 | _a0776617427 | ||
| 020 | _z0776601636 | ||
| 020 | _z9780776601632 | ||
| 035 | _a(OCoLC)181843508 | ||
| 040 |
_aMdBmJHUP _cMdBmJHUP |
||
| 043 | _an-cn--- | ||
| 050 | 0 | 4 |
_aJV7253 _b.R63 1988 |
| 082 | 0 |
_a364.6/8 _219 |
|
| 100 | 1 | _aRoberts, Barbara Ann. | |
| 245 | 1 | 0 |
_aWhence They Came _bDeportation from Canada 1900 - 1935 / _cBarbara Roberts ; foreword by Irving Abella. |
| 264 | 1 | _bUniversity of Ottawa Press, | |
| 264 | 3 | _bProject MUSE, | |
| 300 |
_a1 online resource (ix, 246 p.) : _bill. ; |
||
| 504 | _aBibliography: p. [237]-246. | ||
| 506 | 0 |
_aOpen Access _fUnrestricted online access _2star |
|
| 588 | _aDescription based on print version record. | ||
| 650 | 0 |
_aDeportation _zCanada _xHistory. |
|
| 651 | 0 |
_aCanada _xEmigration and immigration _xGovernment policy _xHistory. |
|
| 655 | 7 |
_aElectronic books. _2local |
|
| 710 | 2 |
_aProject Muse. _edistributor |
|
| 830 | 0 | _aBook collections on Project MUSE. | |
| 856 | 4 | 0 |
_zFull text available: _uhttps://muse.jhu.edu/book/6620/ |
| 945 | _aProject MUSE - Archive History Foundation | ||
| 945 | _aProject MUSE - Archive Complete Foundation | ||
| 999 |
_c23928 _d23928 |
||